000 00537nam a2200205 4500
003 LK-CoMWRAF
005 20240103110010.0
008 230831b1977 |||||||| |||| 00| 0 eng d
020 _a0393091961
040 _aLK-CoMWRAF
_dLK-CoMWRAF
_eLK-CoMWRAF
041 _aeng
082 _a890.8
_bMAS
245 _aMasterpieces of the Orient
250 _a1st Edition
260 _aNew York :
_bNorton,
_c1977
300 _a834p
650 _aOriental literature - Translations into English
700 _aAnderson, G L
_eed.
942 _cBK
999 _c3340
_d3340